Sports Quiz

Random Sports or Baseball Quiz

US Sport Teams by City / State Quiz Stats

 Plays Quiz not verified by Sporcle

Challenge
Share
Tweet
Embed
Score 0/122 Timer 12:00
0 Plays Today
City / State Team % Correct
BuffaloBills
93.1%
BostonRed Sox
93.1%
CincinnatiReds
92.9%
AtlantaFalcons
92.6%
AnaheimDucks
92.4%
ArizonaCardinals
91.9%
ChicagoBears
91.6%
Green BayPackers
91.6%
BostonCeltics
91.4%
AtlantaBraves
91.2%
ChicagoWhite Sox
90.9%
MiamiDolphins
90.7%
BaltimoreRavens
90.7%
DetroitLions
90.4%
BostonBruins
89.9%
DallasCowboys
89.9%
CarolinaPanthers
89.9%
New YorkJets
89.4%
New EnglandPatriots
88.9%
ChicagoCubs
88.7%
Los AngelesLakers
88.5%
ChicagoBulls
88.2%
MiamiHeat
88.2%
JacksonvilleJaguars
88.2%
New YorkGiants
88.2%
New YorkYankees
88.2%
BaltimoreOrioles
88%
ArizonaDiamondbacks
87.7%
IndianaPacers
87.5%
ClevelandBrowns
87.5%
HoustonTexans
87.5%
ClevelandIndians
87.5%
New YorkKnicks
87.2%
Golden StateWarriors
87.2%
OaklandRaiders
87.2%
IndianapolisColts
87%
AtlantaHawks
86.7%
FloridaPanthers
86.7%
Kansas CityChiefs
86.7%
MinnesotaVikings
86.7%
PittsburghSteelers
86.5%
City / State Team % Correct
New YorkMets
86.5%
DetroitPistons
86.2%
DetroitTigers
86.2%
New JerseyNets
85.7%
St. LouisCardinals
85.7%
Los AngelesDodgers
85.7%
OrlandoMagic
85.5%
PhoenixSuns
85.5%
Los AngelesKings
85.5%
CincinnatiBengals
85.5%
PhiladelphiaEagles
85.5%
ClevelandCavaliers
85%
New OrleansSaints
85%
HoustonRockets
84.8%
EdmontonOilers
84.8%
FloridaMarlins
84.8%
San FranciscoGiants
84.8%
DenverNuggets
84.5%
SacramentoKings
84.3%
New YorkRangers
84.3%
Philadelphia76ers
84%
San AntonioSpurs
84%
PittsburghPenguins
84%
ChicagoBlackhawks
84%
DenverBroncos
84%
SeattleSeahawks
84%
San Francisco49ers
83.8%
HoustonAstros
83.8%
ColoradoRockies
83.5%
DallasMavericks
83%
Oklahoma CityThunder
83%
MinnesotaTimberwolves
82.8%
CalgaryFlames
82.8%
Kansas CityRoyals
82.8%
MemphisGrizzlies
82.6%
San DiegoChargers
82.3%
MilwaukeeBrewers
82.3%
OaklandAthletics
82.3%
Los AngelesClippers
82.1%
DetroitRed Wings
82.1%
MilwaukeeBucks
81.6%
City / State Team % Correct
PhiladelphiaPhillies
81.6%
Los AngelesAngels
81.6%
UtahJazz
81.3%
DallasStars
81.3%
BuffaloSabres
81.1%
TexasRangers
81.1%
New JerseyDevils
80.6%
TennesseeTitans
80.6%
PittsburghPirates
80.6%
MinnesotaTwins
80.6%
PhiladelphiaFlyers
80.3%
TorontoBlue Jays
80.3%
San JoseSharks
79.6%
WashingtonRedskins
79.6%
St. LouisRams
79.6%
CharlotteBobcats
79.4%
PortlandTrail Blazers
79.4%
New OrleansHornets
79.1%
ColoradoAvalanche
79.1%
OttawaSenators
78.4%
SeattleMariners
78.4%
WashingtonCapitals
78.1%
TorontoRaptors
77.9%
San DiegoPadres
77.9%
MontrealCanadiens
77.4%
TorontoMaple Leafs
77.4%
Tampa BayBuccaneers
77.4%
New YorkIslanders
76.9%
Tampa BayRays
76.9%
NashvillePredators
75.9%
St. LouisBlues
75.9%
CarolinaHurricanes
75.7%
WashingtonWizards
75.4%
MinnesotaWild
75.2%
VancouverCanucks
74.4%
PhoenixCoyotes
74.2%
WashingtonNationals
74%
Tampa BayLightning
73.7%
ColumbusBlue Jackets
73.5%
AtlantaThrashers
72.7%

You're not logged in!

Compare scores with friends on all Sporcle quizzes.
OR
Log In

You Might Also Like...

Show Comments

Extras

Top Quizzes Today


Score Distribution

Your Account Isn't Verified!

In order to create a playlist on Sporcle, you need to verify the email address you used during registration. Go to your Sporcle Settings to finish the process.

Report this User

Report this user for behavior that violates our Community Guidelines.

Details: